00922cam a2200241Ia 4500020001800000020001500018040000800033082002600041245012100067246006500188260009200253300003500345500001900380500010600399650002500505650003400530650002600564650002900590700001700619700001600636710001400652710001400666 a9789995097011 a999509701X cAU@ a305 FIS 2008 A014 Or.00aGender implication in CBNRM :bthe roles, needs and aspirations of women in community fisheries : six case studies /10aRoles, needs and aspirations of women in community fisheries aPhnom Penh, Cambodia :bFisheries Administration [and] CMNRM Learning Institute,c2008  a124 p. :bill. (col.) ;c25 cm a"October 2008" aResearched and written by Chap Sopanha ... [et. al.] ; Reviewed and edited by Kaing Khim ... [et al.] 0aWomen in development 0aEconomic development projects 0aSustainable fisheries 0aWomen fish trade workers1 aSopana, Chap1 aKhim, Kaing1 aCambodia.1 aCambodia.